Dictionary of science and technology

Bibliographic Details
Main Author: Collin, Simon
Format: Book
Published: London : Bloomsbury Publishing Plc , 2003
Subjects:

MARC

LEADER 00000cam a2200000 7i4500
001 0000016552
005 20080425.0
008 250408
020 |a 0747566208 
090 0 0 |a 413   |b COL 
100 1 |a Collin, Simon 
245 1 0 |a Dictionary of science and technology   |c By Simon Collin 
260 |a London :   |b Bloomsbury Publishing Plc ,   |c 2003 
650 0 |a Science and technology   |x Dictionaries 
999 |a 0001017567   |b Book   |c REFERENCE   |e Perbadanan Perpustakaan Awam Johor